| 000 | 00671nam a22001817a 4500 | ||
|---|---|---|---|
| 999 |
_c166896 _d166896 |
||
| 010 | _aENG-126170 | ||
| 020 |
_a978-93-8472-676-8 _c1995.00 |
||
| 035 | _aEN-109702 | ||
| 037 | _bDBAD/PUB | ||
| 082 | _a005.13 | ||
| 100 | _aJackulin,C | ||
| 245 |
_aProgramming and Data Structure-II/ _cby C.Jackulin[and]R.Salini[and]K.Sangeeta |
||
| 260 |
_aNew Delhi _bAne Books Pvt.Ltd. _c2018 |
||
| 270 |
_a4821,Parwana Bhawan,1st Floor24 Ansari Road, Darya Ganj _bNew Delhi _e110002 _k+91(011)23276843 _l+91(011)23276863 _mkapoor@anebooks.com |
||
| 300 |
_axii430p. _c24cm(hb) _bill |
||
| 500 | _ait includes Index and Bibliography | ||
| 942 |
_2ddc _cEN _h005.13 _mJAC |
||